Ανάλυση - ερμηνεία του ελληνικού γενικού λογιστικού σχεδίου : [γενικής και αναλυτικής λογιστικής]
Αποθηκεύτηκε σε:
| Κύριος συγγραφέας: | |
|---|---|
| Μορφή: | Βιβλίο |
| Γλώσσα: | Greek |
| Δημοσίευση: |
Αθήνα :
Σάκκουλας,
2008
|
| Θέματα: | |
| Ετικέτες: |
Προσθήκη ετικέτας
Δεν υπάρχουν, Καταχωρήστε ετικέτα πρώτοι!
|
MARC
| LEADER | 00000cam a2200000 i 4500 | ||
|---|---|---|---|
| 001 | 1/50445 | ||
| 008 | 140702s2008 gre d | ||
| 035 | |l 10118163 | ||
| 040 | |a GR-MY-UA |b gre |e aacr | ||
| 041 | 0 | |a gre | |
| 082 | 0 | |a 657.09495 |2 (23) | |
| 100 | 1 | |a Γρηγοράκος, Θεόδωρος Γ. | |
| 245 | 1 | 0 | |a Ανάλυση - ερμηνεία του ελληνικού γενικού λογιστικού σχεδίου : |b [γενικής και αναλυτικής λογιστικής] / |c Θεόδωρος Γ. Γρηγοράκος |
| 260 | |a Αθήνα : |b Σάκκουλας, |c 2008 | ||
| 300 | |a (τ.1: 1420 σ.); |c 24 εκ. | ||
| 504 | |a Ευρετήριο: σ.1395-1413 | ||
| 650 | 0 | 0 | |a Accounting |x Handbooks, manuals, etc. |z Greece. |
| 852 | |a INST |b CHIOS |e 20140702 |h 657.09495 ΓΡΗ |p 005200034519 |q 005200034519 |t BK |y 0 |z τ.1 | ||
| 852 | |a INST |b CHIOS |e 20140702 |h 657.09495 ΓΡΗ |p 005200034519 |q 005200034519 |t BK |v τ.1: |y 0 |z τ.1 | ||
| 853 | |a INST |b CHIOS |h 657.09495 ΓΡΗ | ||
| 901 | |a BIBL2-2014-2 | ||
| 909 | |a Χ |b 180818 | ||
| 970 | |a ΣΠΕΝΤΖΑ |b ΕΛΕΝΗ |z 2014/07/02 | ||